| 000 | 00811cam a22002535a 4500 | ||
|---|---|---|---|
| 001 | 18410596 | ||
| 005 | 20170111142801.0 | ||
| 008 | 141218s2015 moua b 001 0 eng | ||
| 020 | _a9781455754106 | ||
| 040 |
_aDLC _beng _cDLC _dEG-ScBUE |
||
| 082 | 0 | 4 |
_222 _a617.6342 _bWAL |
| 100 | 1 |
_aTorabinejad, Mahmoud. _939503 |
|
| 245 | 1 | 0 |
_aEndodontics : _bprinciples and practice / _cMahmoud Torabinejad, Richard E. Walton, Ashraf F. Fouad. |
| 250 | _a5th ed. | ||
| 260 |
_aSt. Louis : _bElsevier / Saunders, _cc.2015. |
||
| 300 |
_axii, 482 p. : _bill. ; _c29 cm. |
||
| 504 | _aIncludes bibliographical references and index. | ||
| 650 | 7 |
_aEndodontics. _2BUEsh _932092 |
|
| 651 | _2BUEsh | ||
| 653 |
_bDDent _cJanuary2017 |
||
| 700 | 1 |
_aWalton, Richard E., _d1939- |
|
| 700 | 1 | _aFouad, Ashraf F. | |
| 942 | _2ddc | ||
| 999 |
_c23890 _d23862 |
||